Normal view
MARC view
Entry Personal Name
001 - CONTROL NUMBER
- control field: 30827
003 - CONTROL NUMBER IDENTIFIER
- control field: ARRUPE
005 - DATE AND TIME OF LATEST TRANSACTION
- control field: 20170512142249.0
008 - FIXED-LENGTH DATA ELEMENTS
- fixed length control field: 170512|| aca||aabn | a|a d
040 ## - CATALOGING SOURCE
- Original cataloging agency: ARRUPE
- Transcribing agency: ARRUPE
100 ## - HEADING--PERSONAL NAME
- Personal name: Aseka, Eric M.
670 ## - SOURCE DATA FOUND
- Source citation: Work cat.: (ARRUPE)64085: Aseka, Eric M., Mzee Jomo Kenyatta, 1992